The portable MBA in management (Record no. 36180)

MARC details
000 -LEADER
fixed length control field 00555nam a2200193Ia 4500
020 ## - INTERNATIONAL STANDARD BOOK NUMBER
ISBN 0471204552
050 ## - CALL MARK
Classification number HD 31 .C586/
100 ## - STATEMENT OF RESPONSIBILITY--MAIN AUTHOR NAME
Personal name Cohen, Allan R.
245 #4 - TITLE STATEMENT
Title The portable MBA in management
250 ## - EDITION / VOLUME STATEMENT
Edition / Volume statement 2nd ed.
260 ## - PUBLICATION, DISTRIBUTION, ETC. (IMPRINT)
Place of publication New York
260 ## - PUBLICATION, DISTRIBUTION, ETC. (IMPRINT)
Name of publisher J. Wiley
260 ## - PUBLICATION, DISTRIBUTION, ETC. (IMPRINT)
Year of publication c200
300 ## - PHYSICAL DESCRIPTION
Number of Pages 402 p
650 ## - SUBJECT ADDED ENTRY--TOPICAL TERM
Topical Term Industrial management. Personnel management. Teams in the workplace. Management_Employee participation. Electronic books. |2 lcsh
942 ## - ADDED ENTRY ELEMENTS (KOHA)
Koha item type Books
Holdings
Withdrawn status Lost status Source of classification or shelving scheme Damaged status Not for loan Permanent Location Current Location Date acquired Accession Number Price effective from Koha item type
    Library of Congress Classification     NILE UNIVERSITY OF NIGERIA - MAIN LIBRARY NILE UNIVERSITY OF NIGERIA - MAIN LIBRARY 04/23/2025 0010328 04/23/2025 Books